| 000 | 00397nam a22001457a 4500 | ||
|---|---|---|---|
| 008 | 250414b |||||||| |||| 00| 0 eng d | ||
| 020 | _a0192614789 | ||
| 050 |
_aRC483 _b.P77 |
||
| 100 | _aIversen Susan D. | ||
| 245 | _aPsychopharmacology recent advances and future prospects | ||
| 260 |
_aOxford _bOxford University press _c1985 |
||
| 300 | _aix,332p | ||
| 650 | _a Psychopharmacoly | ||
| 942 | _cBK | ||
| 999 |
_c2971 _d2971 |
||